| 000 | 00889nabaa22002057a 4500 | ||
|---|---|---|---|
| 999 |
_c6128 _d6128 |
||
| 003 | OSt | ||
| 005 | 20260122215948.0 | ||
| 008 | 190701b xxu||||| |||| 00| 0 spa d | ||
| 040 | _cPJ | ||
| 100 |
_96890 _aSammartino, Patricio M. E. |
||
| 245 | 1 | 0 |
_aControl de constitucionalidad y acto administrativo / _cPatricio M. E. Sammartino. |
| 300 | _ap. 42-87 | ||
| 505 | _aSumario: I. Introducción.— II. Primera parte.— III. Segunda parte.— IV. Tercera parte.— V. Cuarta parte.— VI. Conclusiones. | ||
| 505 | _t¿Te interesa el texto completo? Comunicate al correo: koha@justierradelfuego.gov.ar | ||
| 650 | 0 |
_9211 _aDERECHO ADMINISTRATIVO |
|
| 650 | 0 |
_91171 _aACTO ADMINISTRATIVO |
|
| 650 | 0 |
_9755 _aCONTROL DE CONSTITUCIONALIDAD |
|
| 773 | 0 |
_02842 _93251 _dBuenos Aires : AbeledoPerrot, 2012- _oDA121 _tDerecho administrativo. Nº 148 julio/agosto 2023 _z18510590 |
|
| 942 |
_2udc _cANA |
||